Bombas: funcionamiento, calculo y construcción. Para estudios de construcción de máquinas y consulta

Guardat en:
Dades bibliogràfiques
Autors principals: Fuchslocher, Eugen (Autor), Schulz, Hellmuth (Autor)
Format: Llibre
Idioma:espanyol
Publicat: Barcelona Labor S. A 1964
Edició:10a. ed
Matèries:
Etiquetes: Afegir etiqueta
Sense etiquetes, Sigues el primer a etiquetar aquest registre!

MARC

LEADER 00000cam a2200000 a 4500
001 UCC6275
003 CL-VaPUC
008 181130e19640000sp |||||||||||||||||spa|d
082 0 4 |a 621.64  |b FUC  |2 21 
100 0 |a Fuchslocher, Eugen  |e author  |9 600719 
700 0 |a Schulz, Hellmuth  |e author  |9 600720 
245 1 0 |a Bombas: funcionamiento, calculo y construcción. Para estudios de construcción de máquinas y consulta 
250 |a 10a. ed 
300 |a 332 p 
942 |c BK 
945 |d 20181130 13:53:00  |a dcastane 
260 |a Barcelona  |b Labor S. A  |c 1964 
650 7 |a BOMBAS  |2 CL-VaPUC  |9 259418 
650 0 |a Bombas centrífugas   |9 262482 
650 0 |a Tuberías  |9 259420 
650 7 |a MAQUINARIA DE BOMBEO  |2 CL-VaPUC  |9 260377 
650 0 |a Válvulas   |9 271523 
583 |a last modification  |c 20181130 13:53:00  |k Rodrigo Vera 
999 |c 373259  |d 373257 
952 |0 0  |1 0  |2 ddc  |3 erd  |4 0  |6 621_640000000000000_FUC_1964  |7 0  |8 A  |9 491327  |a BIBMEC  |b BIBMEC  |i 5519934  |l 4  |m 2  |o 621.64 FUC 1964  |p 5519934  |r 2024-01-19  |s 2022-11-16  |w 2019-11-24  |y BK  |z Catalogado en:20181130  |k MEC